| 000 | 00765nam a22002177a 4500 | ||
|---|---|---|---|
| 005 | 20251108174523.0 | ||
| 008 | 250721s2008 xx 000 0 ara d | ||
| 082 | 1 | 4 | _a923.1564033/تمي |
| 100 | 1 |
_aالتميمي، مأمون أسعد _eمؤلف |
|
| 245 | 1 | 0 | _aعرفات كما عرفته !! أسرار .... ذكريات.....مذكرات.... / |
| 264 | 1 |
_aعمان : _bدار الفرقان للنشر و التوزيع، _c2008. |
|
| 300 | _a203 ص. | ||
| 500 | _aيحتوي الكتاب على صور للرئيس الراحل ياسر عرفات | ||
| 650 | 1 | 7 | _aالتراجم |
| 650 | 1 | 7 | _aالفلسطينيون |
| 650 | 1 | 7 | _aراساا الدول |
| 650 | 1 | 7 | _aفلسطين |
| 650 | 1 | 7 | _aالتاريخ |
| 942 |
_2ddc _cBK |
||
| 999 |
_c111276 _d111276 |
||